Histoire de la création (Record no. 38346)

MARC details
000 -LEADER
campo de control de longitud fija 00898nam a2200217 i 4500
001 - NÚMERO DE CONTROL
campo de control 38346
003 - IDENTIFICADOR DE NÚMERO DE CONTROL
campo de control ES-MaACL
005 - FECHA Y HORA DE LA ÚLTIMA TRANSACCIÓN
campo de control 20250930063043.0
007 - CAMPO FIJO DE DESCRIPCIÓN FÍSICA--INFORMACIÓN GENERAL
campo de control de longitud fija t|
008 - DATOS DE LONGITUD FIJA--INFORMACIÓN GENERAL
campo de control de longitud fija 030225s1870 fr ||||1| fre d
100 1# - ENTRADA PRINCIPAL--NOMBRE DE PERSONA
Nombre de persona Burmeister, Hermann,
Fechas asociadas al nombre 1807-1892
9 (RLIN) 146869
245 10 - MENCIÓN DEL TÍTULO
Título Histoire de la création
Resto del título : exposé scientifique des phases de développement du globe terrestre et de ses habitants /
Mención de responsabilidad, etc. par H. Burmeister ; edition française, traduite de l'allemand d'aprés la huitième édition par E. Maupas ; revue par Giebel.
260 ## - PUBLICACIÓN, DISTRIBUCIÓN, ETC.
Lugar de publicación, distribución, etc. París :
Nombre del editor, distribuidor, etc. F. Savy,
Fecha de publicación, distribución, etc. 1870 (
Fabricante Simon Raçon)
300 ## - DESCRIPCIÓN FÍSICA
Extensión 689 p. :
Otras características físicas il. ;
Dimensiones 24 cm.
650 ## - PUNTO DE ACCESO ADICIONAL DE MATERIA--TÉRMINO DE MATERIA
Término de materia o nombre geográfico como elemento de entrada Tierra (Planeta)-
Subdivisión general Origen.
9 (RLIN) 178537
650 07 - PUNTO DE ACCESO ADICIONAL DE MATERIA--TÉRMINO DE MATERIA
Término de materia o nombre geográfico como elemento de entrada Geología histórica
Fuente del encabezamiento o término embne
9 (RLIN) 13094
700 1# - ENTRADA AGREGADA--NOMBRE PERSONAL
Nombre de persona Maupas, E.
9 (RLIN) 79213
700 1# - ENTRADA AGREGADA--NOMBRE PERSONAL
Nombre de persona Giebel, Christoph Gottfried Andreas (
Fechas asociadas al nombre 1820-1881)
9 (RLIN) 146870
852 ## - LOCALIZACIÓN
Ubicación ES-MaACL
Número de control de estantería D-4488
Holdings
Estatus retirado Estado de pérdida Estado de daño No para préstamo Colección Biblioteca de origen Biblioteca actual Ubicación en estantería Fecha de adquisición Fuente de adquisición Total de préstamos Signatura topográfica completa Código de barras Visto por última vez Precio de reemplazo Tipo de ítem Koha
        Libros del s. XIX Biblioteca del Ateneo de Madrid Biblioteca del Ateneo de Madrid Sala Valle Inclán 17/01/2008     D-4488 901040372 23/02/2023 23/02/2023 Libro impreso antiguo